000 00723nam a2200265Ia 4500
003 OSt
005 20221006151039.0
006 a|||||r|||| 00| 0
007 ta
008 221006b |||||||| |||| 00| 0 jpn d
020 _c¥2800
024 _a20,770
037 _bGift, Japan Foundation
_cTextual
040 _aEASL
_cEASL
_bjpn
041 _2jpn
_ajpn
082 _aX.42.N85, M6
100 _aKAKINUMA Hajime
_9658181
245 0 _aShinko kyoiku undo no kenkyu
260 _aKyoto
_bMineruwa (Minerva) Shobo Japan
_c1986
300 _a365p.
_ccm.
490 _v JL
650 _aJL
942 _hX.42.N85, M6
_cTEXL
_2CC
999 _c1088856
_d1088856